| 000 | 00936nam a22002537a 4500 | ||
|---|---|---|---|
| 001 | 36615 | ||
| 003 | UA-OsUOA | ||
| 005 | 20210812105115.0 | ||
| 007 | ta | ||
| 008 | 20060206b un ||||| |||| 00| 0 ukr d | ||
| 020 | _a9668602099 | ||
| 040 |
_aUA-OsUOA _cUA-OsUOA _dUA-OsUOA _bukr |
||
| 041 | _aukr | ||
| 080 | _a340,132.2 | ||
| 090 |
_a340,132.2 _bІ-74 |
||
| 245 | _aІнформаційне законодавство країн СНД та Балтії | ||
| 260 |
_aК. _bЮридична думка _c2005 |
||
| 300 | _a440 с. | ||
| 505 |
_gТ.3 _tЛатвія, Литва, Молдова, Росія,Таджикистан, Туркменистан, Узбекистан |
||
| 650 | 7 |
_a340 Право в цілому. Пропедевтика. Методи та допоміжні правничі науки _2UDC |
|
| 942 |
_cBK _2udc |
||
| 955 | _a0 | ||
| 999 |
_c322848 _d322848 |
||